| 000 | 00501nam a2200205Ia 4500 | ||
|---|---|---|---|
| 003 | OSt | ||
| 005 | 20140311163140.0 | ||
| 008 | 140130s9999 xx 000 0 und d | ||
| 020 | _a9780516238463 | ||
| 050 |
_aE 98.G2 _b.M55 1996 |
||
| 100 |
_aMiller, Jay _931440 |
||
| 245 |
_aAmericn indian games / _cJay Miller. |
||
| 260 |
_bScholastic, _c1996. _aNew York : |
||
| 300 |
_a47 p. : _bcol. ill. ; _c22 cm. |
||
| 440 | _v1 | ||
| 521 | _aG1 | ||
| 526 | _c290 | ||
| 942 |
_cBK _2lcc |
||
| 999 |
_c41890 _d41890 |
||